[Event "EU-chT (Men)"]
[Site "Pula"]
[Date "1997.??.??"]
[Round "6"]
[White "Akopian, Vladimir"]
[Black "Short, Nigel D"]
[Result "1/2-1/2"]
[WhiteElo "2655"]
[BlackElo "2690"]
[PlyCount "46"]
[EventDate "1997.05.05"]
[Source "ChessBase"]

1. Nf3 d5 2. d4 Nf6 3. c4 e6 4. Nc3 Nbd7 5. Bg5 Be7 6. e3 O-O 7. Qb3 a6 8. cxd5 Nxd5 9. Bxe7 Nxe7 10. Be2 b6 11. O-O Bb7 12. Rfd1 Nf6 13. Rac1 Ng6 14. Ne5 Qe7 15. Bf3 Bxf3 16. Nxf3 Rfc8 17. g3 b5 18. a4 Rab8 19. axb5 axb5 20. Ne2 c6 21. Rc2 e5 22. dxe5 Nxe5 23. Nxe5 Qxe5 1/2-1/2

[Event "Rubinstein mem 34th"]
[Site "Polanica Zdroj"]
[Date "1997.08.21"]
[Round "3"]
[White "Aleksandrov, Aleksej"]
[Black "Malaniuk, Vladimir P"]
[Result "1/2-1/2"]
[WhiteElo "2660"]
[BlackElo "2615"]
[PlyCount "90"]
[EventDate "1997.08.19"]
[Source "ChessBase"]
[SourceDate "1997.11.23"]

1. d4 Nf6 2. c4 e6 3. Nc3 d5 4. Nf3 Be7 5. Bg5 Nbd7 6. e3 c6 7. Bd3 O-O 8. O-O b6 9. Rc1 Bb7 10. Qe2 c5 11. cxd5 Nxd5 12. Bxe7 Nxc3 13. Bxh7+ Kh8 14. Rxc3 Qxe7 15. Bb1 g6 16. e4 Kg7 17. Rfc1 Rac8 18. dxc5 Nxc5 19. h4 a5 20. h5 e5 21. hxg6 fxg6 22. Qe3 Rh8 23. Qg5 Qxg5 24. Nxg5 Kf6 25. Nf3 Rc7 26. Nh2 Rch7 27. Ng4+ Kg5 28. f3 Bxe4 29. Kf2 Bxb1 30. Rxb1 e4 31. Kg3 exf3 32. Re1 Rf8 33. gxf3 Rf5 34. Re2 Rd7 35. b3 Rd3 36. Rxd3 Nxd3 37. Re3 Nf4 38. a4 Rc5 39. Re4 Nh5+ 40. Kf2 Nf6 41. Nxf6 Kxf6 42. b4 Rc2+ 43. Ke3 Rc3+ 44. Ke2 Ra3 45. bxa5 bxa5 1/2-1/2

[Event "Olimpiadi 2008 - open"]
[Site "Dresda GER"]
[Date "2008.11.16"]
[Round "4"]
[White "Kazhgaleyev, M."]
[Black "Gurevich, M1."]
[Result "1-0"]
[WhiteElo "2640"]
[BlackElo "2634"]
[PlyCount "119"]
[EventDate "2008.11.13"]
[Source "www.chesslib.no"]
[SourceDate "2004.05.04"]

1. d4 d5 2. c4 c6 3. Nc3 Nf6 4. Nf3 e6 5. Bg5 Be7 6. e3 Nbd7 7. Bd3 O-O 8. O-O h6 9. Bh4 dxc4 10. Bxc4 b5 11. Bd3 Bb7 12. Rc1 Rc8 13. Qe2 b4 14. Na4 c5 15. Ba6 Bxa6 16. Qxa6 Ne4 17. Bxe7 Qxe7 18. Rc2 e5 19. Rfc1 exd4 20. exd4 Rfe8 21. h3 Nb8 22. Qd3 Nd7 23. Ne5 Nxe5 24. Qxe4 Nc6 25. Qxe7 Nxe7 26. dxc5 Nc6 27. Rd1 Kf8 28. Kf1 Rc7 29. Rd6 Rec8 30. Re2 Nd8 31. Re4 Nb7 32. Rd5 Nxc5 33. Nxc5 Rxc5 34. Rxc5 Rxc5 35. Rxb4 h5 36. Ke2 Rc2+ 37. Kf3 a5 38. Rb8+ Ke7 39. h4 a4 40. a3 g6 41. Rb6 Kf8 42. Ke3 Ke7 43. g3 f6 44. Rb5 Ke6 45. f3 Rg2 46. Kf4 Rf2 47. Rb6+ Ke7 48. Rb4 Kf7 49. Ke3 Rg2 50. g4 g5 51. hxg5 fxg5 52. gxh5 Kg7 53. Rb6 Kh7 54. Ke4 Rg3 55. Kf5 Rxf3+ 56. Kxg5 Rg3+ 57. Kf4 Rd3 58. Rb4 Rd2 59. Ke3 Rh2 60. Ke4 1-0

[Event "Open"]
[Site "Ascona SUI"]
[Date "2007.12.05"]
[Round "4"]
[White "Malakhatko, V."]
[Black "Stojanovic, Mih"]
[Result "1/2-1/2"]
[WhiteElo "2603"]
[BlackElo "2582"]
[PlyCount "42"]
[EventDate "2007.12.03"]
[Source "www.chesslib.no"]
[SourceDate "2004.05.04"]

1. d4 d5 2. c4 e6 3. Nc3 Nf6 4. Nf3 Nbd7 5. Bg5 Be7 6. e3 O-O 7. a3 c6 8. Bd3 h6 9. Bh4 dxc4 10. Bxc4 a6 11. b4 a5 12. b5 c5 13. O-O cxd4 14. Qxd4 b6 15. Na4 Bb7 16. Rfd1 Bxf3 17. gxf3 Qc7 18. Be2 Nc5 19. Nxc5 Qxc5 20. Qxc5 Bxc5 21. Bxf6 gxf6 1/2-1/2

[Event "WchT 3rd"]
[Site "Luzern"]
[Date "1993.??.??"]
[Round "9"]
[White "Akopian, Vladimir"]
[Black "Nogueiras, Jesus"]
[Result "1/2-1/2"]
[WhiteElo "2600"]
[BlackElo "2580"]
[PlyCount "66"]
[EventDate "1993.10.??"]
[Source "ChessBase"]

1. d4 d5 2. c4 e6 3. Nf3 Nf6 4. Nc3 Nbd7 5. Bg5 Be7 6. e3 O-O 7. Qb3 c6 8. Bd3 dxc4 9. Qxc4 Nd5 10. Bxe7 Qxe7 11. O-O Rd8 12. Rac1 Nf8 13. Rfd1 Bd7 14. e4 Nf4 15. Bf1 N4g6 16. e5 Be8 17. Ne4 f6 18. exf6 gxf6 19. Qc3 Kh8 20. Re1 Nf4 21. Qd2 Nd5 22. Qh6 b6 23. Bc4 Qg7 24. Qd2 Rac8 25. Ng3 Bg6 26. h4 Be8 27. h5 h6 28. Re4 Bf7 29. Rh4 Nh7 30. Bd3 Ng5 31. Rg4 Rg8 32. Nxg5 hxg5 33. Re4 Nf4 1/2-1/2

[Event "Villarrobledo op"]
[Site "Villarrobledo"]
[Date "1998.08.22"]
[Round "4"]
[White "Van Wely, Loek"]
[Black "Ubilava, Elizbar"]
[Result "1-0"]
[WhiteElo "2635"]
[BlackElo "2540"]
[PlyCount "101"]
[EventDate "1998.08.??"]
[Source "www.chesslib.no"]
[SourceDate "2004.05.04"]

1. d4 d5 2. c4 e6 3. Nf3 Nf6 4. Nc3 Be7 5. Bg5 O-O 6. e3 Nbd7 7. cxd5 Nxd5 8. Bxe7 Qxe7 9. Bd3 Nxc3 10. bxc3 c5 11. O-O b6 12. e4 cxd4 13. cxd4 e5 14. d5 Nc5 15. h3 Bd7 16. a4 Rac8 17. Re1 Qd6 18. Bf1 Rc7 19. Nd2 Qg6 20. Kh2 Nb7 21. Nc4 Qf6 22. Qd2 Rfc8 23. Rec1 h6 24. g3 Nc5 25. Qe3 Nxa4 26. f4 exf4 27. gxf4 b5 28. e5 Qh4 29. Nd6 Rc2+ 30. Rxc2 Rxc2+ 31. Bg2 Rc3 32. Qxa7 Qxf4+ 33. Kg1 Nc5 34. Rf1 Qe3+ 35. Kh1 Rc1 36. Rxc1 Qxc1+ 37. Kh2 Kh7 38. Nxf7 Qf4+ 39. Kh1 Qc1+ 40. Kh2 b4 41. e6 Qf4+ 42. Kh1 Qc1+ 43. Kh2 Qf4+ 44. Kh1 b3 45. Qxc5 g6 46. Qc3 Qb8 47. exd7 b2 48. Be4 b1=Q+ 49. Bxb1 Qxb1+ 50. Kg2 Qa2+ 51. Kf3 1-0

[Event "Manila ol (Men)"]
[Site "Manila PHI"]
[Date "1992.??.??"]
[Round "?"]
[White "Akopian, Vladimir E"]
[Black "Ubilava, Elizbar E"]
[Result "1-0"]
[WhiteElo "2605"]
[BlackElo "2560"]
[PlyCount "71"]
[EventDate "1992.06.??"]
[Source "www.chesslib.no"]
[SourceDate "2004.05.04"]

1. d4 d5 2. Nf3 Nf6 3. c4 e6 4. Nc3 Be7 5. Bg5 O-O 6. e3 Nbd7 7. Qb3 c6 8. Bd3 a6 9. cxd5 cxd5 10. O-O b5 11. Rfc1 Nb6 12. a4 bxa4 13. Nxa4 Nxa4 14. Qxa4 Bd7 15. Qc2 Rc8 16. Qb1 Rxc1+ 17. Qxc1 a5 18. Ne5 Be8 19. Bb1 h6 20. Bxf6 Bxf6 21. Qc5 Bxe5 22. dxe5 Bd7 23. Rxa5 Qb8 24. Qa3 Rc8 25. h3 Qxe5 26. Ra8 Qc7 27. b4 Kf8 28. b5+ Ke8 29. Bd3 Rxa8 30. Qxa8+ Ke7 31. Qa3+ Ke8 32. Qb2 e5 33. b6 Qb8 34. Qb4 Bc6 35. Qc5 Kd7 36. Bf5+ 1-0

[Event "TCh-AUT 1st Bundesliga 2007-8"]
[Site "Graz AUT"]
[Date "2008.03.14"]
[Round "9"]
[White "Gustafsson, J."]
[Black "Bischoff, K."]
[Result "1-0"]
[WhiteElo "2607"]
[BlackElo "2537"]
[PlyCount "65"]
[EventDate "2008.03.14"]
[Source "www.chesslib.no"]
[SourceDate "2004.05.04"]

1. d4 e6 2. c4 Nf6 3. Nc3 d5 4. Nf3 Nbd7 5. Bg5 Be7 6. e3 c6 7. Bd3 O-O 8. O-O h6 9. Bh4 b6 10. cxd5 cxd5 11. Rc1 Bb7 12. Qb3 a6 13. a4 g5 14. Bg3 Nh5 15. e4 Nxg3 16. hxg3 Nf6 17. e5 Nd7 18. Bb1 Kg7 19. Qc2 Rh8 20. Nh2 b5 21. f4 Qb6 22. Rcd1 gxf4 23. gxf4 Rag8 24. f5 Kf8 25. a5 Qc6 26. fxe6 Qxe6 27. Qf2 Rg7 28. Bf5 Qc6 29. Ne2 Qc7 30. Rc1 Qd8 31. Nf4 h5 32. Bxd7 Qxd7 33. Rc7 1-0

[Event "Continental Open"]
[Site "United States of America"]
[Date "1993.??.??"]
[Round "?"]
[White "Browne, Walter S"]
[Black "Yermolinsky, Alex"]
[Result "1/2-1/2"]
[WhiteElo "2525"]
[BlackElo "2615"]
[PlyCount "21"]
[EventDate "1993.??.??"]
[Source "www.chesslib.no"]
[SourceDate "2004.05.04"]

1. d4 d5 2. c4 e6 3. Nc3 Nf6 4. Nf3 Be7 5. Bg5 O-O 6. e3 Nbd7 7. cxd5 Nxd5 8. Bxe7 Qxe7 9. Nxd5 exd5 10. Rc1 c6 11. Bd3 1/2-1/2

[Event "Krasnodar"]
[Site "?"]
[Date "2000.??.??"]
[Round "?"]
[White "Poluljahov, A."]
[Black "Tregubov, P."]
[Result "0-1"]
[WhiteElo "2525"]
[BlackElo "2615"]
[PlyCount "54"]
[EventDate "2000.??.??"]
[Source "Chess Informant"]
[SourceDate "2000.02.01"]

1. c4 e6 2. d4 d5 3. Nc3 Be7 4. Nf3 Nf6 5. Bg5 O-O 6. e3 Nbd7 7. Qb3 c5 8. cxd5 cxd4 9. Nxd4 Nc5 10. Qc2 Nxd5 11. Bxe7 Nxe7 12. b4 e5 13. Nf3 Bf5 14. Qb2 e4 15. Nd4 Nd3+ 16. Bxd3 exd3 17. O-O Bg6 18. Rfd1 Rc8 19. Rac1 h6 20. Qb3 Qd6 21. a3 a6 22. h3 Rfd8 23. Na4 Rxc1 24. Rxc1 Nc6 25. Nxc6 d2 26. Rd1 Qxc6 27. Nc5 b6 0-1

[Event "Open"]
[Site "Calcutta"]
[Date "2004.11.10"]
[Round "4"]
[White "Fominyh, Alexander"]
[Black "Dao Thien Hai"]
[Result "1/2-1/2"]
[WhiteElo "2533"]
[BlackElo "2601"]
[PlyCount "45"]
[EventDate "2004.11.08"]
[Source "Roberto Alvarez"]
[SourceDate "2004.12.13"]

1. Nf3 d5 2. d4 c6 3. c4 e6 4. Qb3 Nf6 5. Bg5 Nbd7 6. e3 Be7 7. Nc3 O-O 8. Bd3 h6 9. Bxf6 Bxf6 10. O-O Nb6 11. cxd5 exd5 12. Qc2 Re8 13. b4 Bg4 14. Nd2 Be7 15. h3 Bd7 16. Rab1 Bd6 17. Bf5 Bxf5 18. Qxf5 a5 19. b5 Bb4 20. Qd3 Rc8 21. Rfc1 Qd7 22. Nf3 Nc4 23. bxc6 1/2-1/2

[Event "Akureyri"]
[Site "Akureyri"]
[Date "1994.??.??"]
[Round "?"]
[White "Olafsson, Helgi"]
[Black "Hjartarson, Johann"]
[Result "1/2-1/2"]
[WhiteElo "2535"]
[BlackElo "2595"]
[PlyCount "21"]
[EventDate "1994.02.??"]
[Source "ChessBase"]

1. d4 Nf6 2. c4 e6 3. Nf3 d5 4. Nc3 Nbd7 5. Bg5 Be7 6. e3 O-O 7. Bd3 dxc4 8. Bxc4 c5 9. O-O a6 10. a4 cxd4 11. exd4 1/2-1/2

[Event "WchT 3rd"]
[Site "Luzern"]
[Date "1993.??.??"]
[Round "1"]
[White "Lin Weiguo"]
[Black "Graf, Alexander"]
[Result "1/2-1/2"]
[WhiteElo "2540"]
[BlackElo "2580"]
[PlyCount "81"]
[EventDate "1993.10.??"]
[Source "ChessBase"]

1. d4 d5 2. c4 e6 3. Nc3 Nf6 4. Nf3 Nbd7 5. Bg5 Be7 6. e3 O-O 7. cxd5 Nxd5 8. Bxe7 Qxe7 9. Qb3 N5f6 10. Be2 b6 11. O-O Bb7 12. Rac1 Rfd8 13. Nb5 c5 14. Qa3 a6 15. Nc3 b5 16. dxc5 Qxc5 17. Qxc5 Nxc5 18. Nxb5 axb5 19. Rxc5 Rxa2 20. Nd4 b4 21. Rb5 e5 22. Rxb4 Bxg2 23. Kxg2 exd4 24. Rd1 Kf8 25. Rdxd4 Rxd4 26. exd4 Ra7 27. Bf3 Rc7 28. Rb8+ Ke7 29. b4 Rc4 30. d5 Kd6 31. Rb6+ Ke5 32. Rb8 g5 33. h3 h5 34. b5 g4 35. hxg4 hxg4 36. Be2 Rc2 37. Bf1 Nxd5 38. b6 Ne3+ 39. Kg1 Nxf1 40. b7 Rb2 41. Re8+ 1/2-1/2

[Event "Kalamaria Open"]
[Site "Thessaloniki GRE"]
[Date "2007.08.30"]
[Round "7"]
[White "Chatalbashev, B."]
[Black "Jedynak, R."]
[Result "1/2-1/2"]
[WhiteElo "2573"]
[BlackElo "2540"]
[PlyCount "41"]
[EventDate "2007.08.25"]
[Source "www.chesslib.no"]
[SourceDate "2004.05.04"]

1. c4 e6 2. Nf3 Nf6 3. d4 d5 4. Bg5 Be7 5. Nc3 O-O 6. e3 c6 7. Bd3 Nbd7 8. O-O dxc4 9. Bxc4 Nd5 10. Bxe7 Qxe7 11. Qc2 Nxc3 12. bxc3 b6 13. a4 Bb7 14. Bd3 h6 15. a5 c5 16. Be4 Bxe4 17. Qxe4 Nf6 18. Qd3 Rac8 19. Rfb1 cxd4 20. cxd4 bxa5 21. Rxa5 1/2-1/2

[Event "Kuban 99"]
[Site "Krasnodar RUS"]
[Date "1999.11.14"]
[Round "2"]
[White "Moiseenko, A."]
[Black "Tregubov, P."]
[Result "1-0"]
[WhiteElo "2501"]
[BlackElo "2609"]
[PlyCount "72"]
[EventDate "1999.11.13"]
[Source "www.chesslib.no"]
[SourceDate "2004.05.04"]

1. d4 d5 2. c4 e6 3. Nf3 Nf6 4. Nc3 Be7 5. Bg5 O-O 6. e3 Nbd7 7. Bd3 dxc4 8. Bxc4 a6 9. a4 c5 10. O-O cxd4 11. exd4 Nb6 12. Bb3 Bd7 13. Ne5 Bc6 14. Re1 Nbd5 15. Rc1 Rc8 16. Qd3 Qd6 17. Qh3 g6 18. Rcd1 Nh5 19. Bxe7 Qxe7 20. Bxd5 Nf4 21. Qh6 Nxd5 22. Rd3 f6 23. Nxc6 bxc6 24. h4 Rfe8 25. Ne4 Rb8 26. b3 a5 27. Rg3 Qf8 28. Qc1 Rb6 29. h5 g5 30. f4 Kh8 31. fxg5 f5 32. Nc5 f4 33. Rf3 Qf7 34. Qc2 Rb4 35. Qe4 Kg8 36. Qe5 Qxh5 1-0

[Event "GER-GRE"]
[Site "Fuerth"]
[Date "2002.09.05"]
[Round "6"]
[White "Halkias, Stelios"]
[Black "Bischoff, Klaus"]
[Result "1/2-1/2"]
[WhiteElo "2550"]
[BlackElo "2554"]
[PlyCount "78"]
[EventDate "2002.08.31"]
[Source "ChessBase"]
[SourceDate "2002.11.12"]

1. d4 Nf6 2. Nf3 e6 3. c4 d5 4. Nc3 Nbd7 5. Bg5 Be7 6. e3 O-O 7. Bd3 c6 8. O-O h6 9. Bh4 dxc4 10. Bxc4 Nd5 11. Bg3 Nxc3 12. bxc3 b6 13. e4 Bb7 14. Qe2 Qc8 15. Rad1 Re8 16. Rfe1 Bf8 17. Qd2 a6 18. Bd3 c5 19. Bb1 b5 20. h4 f6 21. h5 Nb6 22. Nh4 Nc4 23. Qf4 e5 24. dxe5 Nxe5 25. Nf5 Qe6 26. Bh4 c4 27. Qg3 Kh8 28. Rd6 Qxf5 29. exf5 Bxd6 30. f4 Nd7 31. Re6 Bc5+ 32. Kh2 Bd5 33. Qg6 Bxe6 34. fxe6 Nf8 35. Qf5 Bd6 36. Bxf6 gxf6 37. Qxf6+ Kg8 38. Qf7+ Kh8 39. Qf6+ Kg8 1/2-1/2

[Event "Novi Sad ol (Men)"]
[Site "Novi Sad YUG"]
[Date "1990.??.??"]
[Round "3"]
[White "Agdestein, Simen"]
[Black "Adianto, Utut"]
[Result "1-0"]
[WhiteElo "2600"]
[BlackElo "2495"]
[PlyCount "69"]
[EventDate "1990.11.??"]
[Source "www.chesslib.no"]
[SourceDate "2004.05.04"]

1. d4 Nf6 2. c4 e6 3. Nc3 d5 4. Bg5 Nbd7 5. e3 c6 6. Nf3 Be7 7. Bd3 O-O 8. O-O h6 9. Bh4 dxc4 10. Bxc4 Nd5 11. Bg3 Nxc3 12. bxc3 b6 13. e4 Bb7 14. Qd3 b5 15. Bb3 c5 16. Bc2 c4 17. Qe2 a5 18. Rad1 Re8 19. Rfe1 Qc8 20. Bb1 b4 21. Qc2 Bf8 22. Bf4 Qd8 23. h4 Qb6 24. e5 g6 25. h5 b3 26. axb3 cxb3 27. Qd2 g5 28. Nxg5 hxg5 29. Bxg5 Bg7 30. h6 Bh8 31. Qf4 Nf8 32. Bf6 Ng6 33. h7+ Kxh7 34. Bxg6+ fxg6 35. Qh4+ 1-0

[Event "Yerevan"]
[Site "Erevan ARM"]
[Date "1988.??.??"]
[Round "?"]
[White "Romanishin, Oleg M"]
[Black "Dokhoian, Yury R"]
[Result "1/2-1/2"]
[WhiteElo "2570"]
[BlackElo "2515"]
[PlyCount "40"]
[EventDate "1988.05.??"]
[Source "www.chesslib.no"]
[SourceDate "2004.05.04"]

1. c4 e6 2. Nc3 d5 3. d4 Be7 4. Nf3 Nf6 5. Bg5 O-O 6. e3 Nbd7 7. Bd3 dxc4 8. Bxc4 a6 9. a4 c5 10. O-O cxd4 11. Nxd4 Qa5 12. Bh4 Ne5 13. Ba2 Bd7 14. Bg3 Nc6 15. Nb3 Qb4 16. Qe2 Rfd8 17. Nc1 Qa5 18. Nb3 Qb4 19. Nc1 Qa5 20. Nb3 Qb4 1/2-1/2

[Event "It Open"]
[Site "?"]
[Date "1986.??.??"]
[Round "?"]
[White "Suba, Mihai"]
[Black "Campora, Daniel H"]
[Result "0-1"]
[WhiteElo "2545"]
[BlackElo "2530"]
[PlyCount "108"]
[EventDate "1986.??.??"]
[Source "www.chesslib.no"]
[SourceDate "2004.05.04"]

1. c4 Nf6 2. d4 e6 3. Nc3 d5 4. Bg5 Be7 5. e3 Nbd7 6. Nf3 O-O 7. Qb3 c6 8. Be2 a6 9. O-O b5 10. cxd5 cxd5 11. Rfc1 Bb7 12. Bxf6 gxf6 13. Ne1 Qa5 14. Nd3 Bc6 15. a3 Rfc8 16. Qd1 Qd8 17. b4 Nb6 18. Nc5 Bd6 19. Bd3 f5 20. Qh5 Qf6 21. a4 Nc4 22. Ra2 bxa4 23. N3xa4 Rcb8 24. Nc3 Rxb4 25. Rxa6 Rxa6 26. Nxa6 Rb3 27. Qe2 Bb7 28. Bxc4 dxc4 29. Qxc4 Rb2 30. Ne2 Qg5 31. Ng3 f4 32. exf4 Bxf4 33. Rf1 Bxg3 34. hxg3 Qxg3 35. fxg3 Rxg2+ 36. Kh1 Rc2+ 37. Kg1 Rxc4 38. Nc5 Bd5 39. Rf4 Rc2 40. Rf2 Rc1+ 41. Rf1 Rc3 42. Kf2 Rf3+ 43. Kg2 Rf4+ 44. Kg1 Rxd4 45. Kf2 Kg7 46. Ke3 Rc4 47. Nd7 Rc3+ 48. Kf4 h5 49. Kg5 Rxg3+ 50. Kxh5 f5 51. Ra1 Bc6 52. Nc5 Kf6 53. Kh4 Rc3 54. Ra5 e5 0-1

[Event "Ubeda op"]
[Site "Ubeda"]
[Date "1996.??.??"]
[Round "?"]
[White "Lputian, Smbat G"]
[Black "Cifuentes Parada, Roberto"]
[Result "1/2-1/2"]
[WhiteElo "2580"]
[BlackElo "2490"]
[PlyCount "56"]
[EventDate "1996.01.??"]
[Source "ChessBase"]

1. d4 Nf6 2. c4 e6 3. Nf3 d5 4. Bg5 Be7 5. Nc3 O-O 6. e3 Nbd7 7. cxd5 Nxd5 8. Bxe7 Qxe7 9. Bd3 Nxc3 10. bxc3 c5 11. O-O b6 12. a4 Bb7 13. a5 e5 14. Bb5 cxd4 15. cxd4 exd4 16. Nxd4 bxa5 17. Bxd7 Qxd7 18. Rxa5 Rfd8 19. h3 g6 20. Qa1 a6 21. Rb1 Rac8 22. Rc1 Rxc1+ 23. Qxc1 Rc8 24. Qb2 Qc7 25. Qb4 Qc1+ 26. Kh2 Qc7+ 27. Kg1 Qc1+ 28. Kh2 Qc7+ 1/2-1/2

[Event "Europa ch 2008"]
[Site "Plovdiv BUL"]
[Date "2008.04.26"]
[Round "6.79"]
[White "Stocek, Jiri"]
[Black "Efimov, Igor"]
[Result "1-0"]
[WhiteElo "2584"]
[BlackElo "2469"]
[PlyCount "73"]
[EventDate "2008.04.21"]
[Source "www.chesslib.no"]
[SourceDate "2004.05.04"]

1. c4 e6 2. Nc3 d5 3. d4 Nf6 4. Bg5 Be7 5. Nf3 Nbd7 6. e3 c6 7. Bd3 O-O 8. O-O h6 9. Bh4 dxc4 10. Bxc4 a6 11. a4 c5 12. Bb3 cxd4 13. exd4 Nb6 14. Re1 Bd7 15. a5 Nc8 16. Qd3 Nd6 17. Bc2 g6 18. d5 Nf5 19. d6 Bxd6 20. Bxf6 Qxf6 21. Ne4 Qe7 22. Nxd6 Nxd6 23. Rad1 Rac8 24. Qxd6 Qxd6 25. Rxd6 Rxc2 26. Rxd7 Rxb2 27. g3 Rb5 28. Re5 Rb1+ 29. Kg2 Rc8 30. Re4 Rb5 31. Ne5 Rf8 32. Ng4 h5 33. Nf6+ Kg7 34. Rxe6 Rb8 35. Ne4 Rxa5 36. Ree7 Rf8 37. Rxb7 1-0

[Event "V Camp. Paesi del Mediterraneo"]
[Site "Hammam Sousse TUN"]
[Date "2007.12.03"]
[Round "8.2"]
[White "Atalik, Suat"]
[Black "Esen, Baris"]
[Result "1-0"]
[WhiteElo "2599"]
[BlackElo "2453"]
[PlyCount "87"]
[EventDate "2007.11.26"]
[Source "www.chesslib.no"]
[SourceDate "2004.05.04"]

1. d4 d5 2. c4 c6 3. Nf3 Nf6 4. Nc3 e6 5. Bg5 Nbd7 6. Qb3 Be7 7. e3 O-O 8. Bd3 b6 9. cxd5 exd5 10. O-O Bb7 11. Rac1 Re8 12. Rfe1 Ne4 13. Bf4 Ndf6 14. Bxe4 dxe4 15. Ne5 Rf8 16. Bg5 Nd7 17. Nxd7 Qxd7 18. Nxe4 c5 19. Bxe7 Qxe7 20. Nc3 cxd4 21. exd4 Qg5 22. d5 Rfd8 23. Rcd1 h6 24. Rd4 Rd7 25. h4 Qf5 26. Red1 Rad8 27. Qc4 Rd6 28. R1d2 Kh8 29. Qe2 Kg8 30. Qe3 Qc8 31. Re4 R6d7 32. Rg4 Kh8 33. Qg3 f6 34. Rgd4 Qa8 35. Qd3 Re8 36. f3 Qb8 37. d6 Re6 38. Ne2 Re8 39. Nf4 Kg8 40. h5 Qd8 41. Ng6 Re1+ 42. Kf2 Re8 43. Re2 Ba8 44. Re7 1-0

[Event "Asean GM 3rd"]
[Site "Bangkok"]
[Date "2004.08.04"]
[Round "8"]
[White "Nguyen Anh Dung"]
[Black "Yu Shaoteng"]
[Result "1/2-1/2"]
[WhiteElo "2561"]
[BlackElo "2476"]
[PlyCount "22"]
[EventDate "2004.07.30"]
[SourceDate "2004.08.11"]

1. d4 d5 2. c4 e6 3. Nc3 Nf6 4. Bg5 Be7 5. e3 Nbd7 6. Nf3 O-O 7. Bd3 b6 8. O-O Bb7 9. Qe2 h6 10. Bh4 Ne4 11. Bxe7 Qxe7 1/2-1/2

[Event "Frunze"]
[Site "Frunze KGZ"]
[Date "1988.??.??"]
[Round "?"]
[White "Yurtaev, Leonid"]
[Black "Kharitonov, Andrei Y"]
[Result "1/2-1/2"]
[WhiteElo "2485"]
[BlackElo "2550"]
[PlyCount "24"]
[EventDate "1988.05.??"]
[Source "www.chesslib.no"]
[SourceDate "2004.05.04"]

1. Nf3 d5 2. d4 Nf6 3. c4 e6 4. Nc3 Be7 5. Bg5 O-O 6. e3 Nbd7 7. cxd5 Nxd5 8. Bxe7 Qxe7 9. Nxd5 exd5 10. Be2 c6 11. O-O Nf6 12. Ne5 Nd7 1/2-1/2

[Event "RUS-Cup01 Chigorin mem"]
[Site "St Petersburg"]
[Date "1997.11.06"]
[Round "6"]
[White "Sretenskij, Nikolai V"]
[Black "Ibragimov, Ildar"]
[Result "1/2-1/2"]
[WhiteElo "2450"]
[BlackElo "2585"]
[PlyCount "61"]
[EventDate "1997.11.01"]
[Source "www.chesslib.no"]
[SourceDate "2004.05.04"]

1. d4 Nf6 2. c4 e6 3. Nf3 d5 4. Bg5 Be7 5. Nc3 O-O 6. e3 Nbd7 7. Bd3 dxc4 8. Bxc4 a6 9. a4 c5 10. O-O cxd4 11. Nxd4 Ne5 12. Be2 Bd7 13. Qb3 Qa5 14. Rfd1 b6 15. Ne4 Rfd8 16. Nxf6+ gxf6 17. Bh4 Ng6 18. Bg3 e5 19. Nf3 Be6 20. Bc4 Bxc4 21. Qxc4 Qb4 22. Qxb4 Bxb4 23. Rxd8+ Rxd8 24. Rc1 Bc5 25. Kf1 e4 26. Ne1 Rd2 27. Nc2 a5 28. Ke1 Rd3 29. Ke2 Ne5 30. Bxe5 fxe5 31. Na1 1/2-1/2

[Event "Decin-A"]
[Site "Decin CZE"]
[Date "1976.??.??"]
[Round "12"]
[White "Alburt, Lev O"]
[Black "Radulov, Ivan G"]
[Result "1/2-1/2"]
[WhiteElo "2520"]
[BlackElo "2515"]
[PlyCount "52"]
[EventDate "1976.06.??"]
[Source "www.chesslib.no"]
[SourceDate "2004.05.04"]

1. c4 Nf6 2. Nc3 e6 3. Nf3 d5 4. d4 Be7 5. Bg5 O-O 6. e3 Nbd7 7. Bd3 c6 8. O-O dxc4 9. Bxc4 Nd5 10. Bxe7 Qxe7 11. Ne4 e5 12. dxe5 N5b6 13. Qd6 Re8 14. Qxe7 Rxe7 15. Bb3 Nxe5 16. Nxe5 Rxe5 17. Nd6 Re7 18. Rfd1 Kf8 19. Rd4 Rb8 20. Rh4 h6 21. Rf4 f6 22. Re4 Bd7 23. Rc1 Nc8 24. Rd4 Nxd6 25. Rxd6 Be8 26. Kf1 Rd7 1/2-1/2

[Event "Swidnica op-A"]
[Site "?"]
[Date "2000.??.??"]
[Round "7"]
[White "Malaniuk Vladimir P"]
[Black "Kuzmin Gennadi P"]
[Result "1/2-1/2"]
[WhiteElo "2570"]
[BlackElo "2465"]
[PlyCount "53"]
[EventDate "2000.??.??"]
[Source "www.chesslib.no"]
[SourceDate "2004.05.04"]

1. d4 d5 2. c4 e6 3. Nf3 Nf6 4. Nc3 Be7 5. Bg5 O-O 6. e3 Nbd7 7. Qb3 c6 8. Bd3 dxc4 9. Qxc4 Nd5 10. Bxe7 Qxe7 11. O-O Rd8 12. Rac1 Qb4 13. Nxd5 Qxc4 14. Ne7+ Kf8 15. Ng6+ hxg6 16. Rxc4 Nb6 17. Rc3 Bd7 18. Rfc1 Bc8 19. h4 f6 20. Be2 Rd7 21. a3 Re7 22. e4 Nd7 23. e5 Re8 24. g3 Nb6 25. Bf1 Nd5 26. Re1 Nc7 27. Bc4 1/2-1/2

[Event "Nationale I Jeune, Clichy"]
[Site "Clichy"]
[Date "1998.??.??"]
[Round "?"]
[White "Hoarau, Adrien"]
[Black "Guerin, Nicolas"]
[Result "1-0"]
[WhiteElo "2560"]
[BlackElo "2470"]
[PlyCount "95"]
[EventDate "1998.??.??"]
[Source "www.chesslib.no"]
[SourceDate "2004.05.04"]

1. d4 d5 2. c4 e6 3. Nc3 Nf6 4. Bg5 Be7 5. e3 Nbd7 6. Nf3 O-O 7. Bd3 b6 8. Qc2 Bb7 9. Ne5 Nxe5 10. dxe5 Nd7 11. Bxe7 Qxe7 12. Bxh7+ Kh8 13. O-O Qg5 14. f4 Qg4 15. Bd3 d4 16. exd4 c5 17. d5 exd5 18. Rf3 dxc4 19. Rh3+ Kg8 20. Bh7+ Kh8 21. Bf5+ Qxh3 22. Bxh3 Rad8 23. Bxd7 Rxd7 24. Re1 Rfd8 25. Re3 Rd2 26. Rh3+ Kg8 27. Qh7+ Kf8 28. Qh8+ Ke7 29. Qxg7 Rxg2+ 30. Qxg2 Bxg2 31. Kxg2 Rd2+ 32. Kf3 Rxb2 33. Rh8 Rc2 34. Nd5+ Ke6 35. Nc7+ Kd7 36. Nb5 Rxa2 37. h4 Rb2 38. h5 Rxb5 39. Rg8 c3 40. Rg1 c2 41. Rc1 Rb3+ 42. Kg4 Re3 43. h6 Re2 44. Kg3 Rxe5 45. fxe5 a5 46. Rxc2 a4 47. h7 a3 48. h8=Q 1-0

[Event "Baku AZE, Open A 2005"]
[Site "?"]
[Date "2005.10.27"]
[Round "5.1"]
[White "Gelashvili Tamaz"]
[Black "Magalashvili Davit"]
[Result "1/2-1/2"]
[WhiteElo "2579"]
[BlackElo "2448"]
[PlyCount "73"]
[EventDate "2005.??.??"]
[Source "www.chesslib.no"]
[SourceDate "2004.05.04"]

1. d4 d5 2. c4 e6 3. Nc3 Be7 4. Nf3 Nf6 5. Bg5 O-O 6. e3 Nbd7 7. Bd3 dxc4 8. Bxc4 a6 9. a4 c5 10. O-O cxd4 11. exd4 Nb6 12. Bb3 Bd7 13. a5 Nbd5 14. Bxd5 Nxd5 15. Nxd5 exd5 16. Bxe7 Qxe7 17. Qb3 Qd6 18. Rfc1 Bb5 19. Rc5 Rad8 20. Re1 f6 21. h3 Bc6 22. Rc3 Rde8 23. Rce3 Qd8 24. Rxe8 Rxe8 25. Rxe8+ Qxe8 26. Qb6 Qe7 27. Qc5 Qe6 28. Qc1 Qe4 29. Qd2 Kf7 30. Ne1 Bb5 31. Nc2 Bc6 32. f3 Qe6 33. Qf2 Qd6 34. Ne3 Qf4 35. b3 Qh4 36. Qe2 Qf4 37. Nd1 1/2-1/2

[Event "Tch (Men) 2005/2006 NED"]
[Site "?"]
[Date "2005.11.05"]
[Round "3"]
[White "Siebrecht Sebastian"]
[Black "Doettling Fabian"]
[Result "1-0"]
[WhiteElo "2485"]
[BlackElo "2542"]
[PlyCount "51"]
[EventDate "2005.??.??"]
[Source "www.chesslib.no"]
[SourceDate "2004.05.04"]

1. d4 d5 2. Nf3 Nf6 3. c4 e6 4. Nc3 Be7 5. Bg5 O-O 6. e3 Nbd7 7. Bd3 dxc4 8. Bxc4 c5 9. O-O a6 10. Qe2 b5 11. Bd3 Bb7 12. Rad1 cxd4 13. exd4 Re8 14. Ne5 Nf8 15. Rfe1 Nd5 16. Bc1 Nxc3 17. bxc3 Qc7 18. Qh5 Bd6 19. Re3 f6 20. Rh3 fxe5 21. Bxh7+ Nxh7 22. Qxh7+ Kf7 23. Rg3 Rg8 24. dxe5 Bc5 25. Qg6+ Kf8 26. Rg4 1-0